00932nam a2200241 i 4500003000900000005001700009007000300026008004100029020001500070040003000085082001400115100003500129245015100164264005900315300006600374336002700440337003400467338002800501500006900529504002700598504002700625700003800652DO-SdBNP20240902113207.0ta240902s2011 xxuacd 000 j spa d a1607971933 aDO-SdBNPbspacBNPHUerda bA473h222 aÁlvarez López, Luiseautor14aThe history of capitalism in Dominican Republic, 1870-2004 :breadings in dominican history /cLuis Álvarez López, Apolinar Matos GonzálezL 1aNew York, Estados Unidos :bLinus publications,c2011. a208 páginas, bilustraciones, retratos, grafícasc27 cm. 2rdacontentatextobtxt 2rdamediaasin mediación bn 2rdacarrieravolumenbnc aIncluye datos biográficos de los autores en la contraportada.  aBibliografía p: 207. aReferencias p: 202-2051 aMatos González, Apolinareautor